000 01268nam0a22002771 4500
001 rc\4793917
005 20250612215729.0
021 _aRU
_b[59-75956]
035 _a(NLR Aleph) 008867991
090 _a8503150
_c8503150
100 _a20130426d1959 |||y0rusy50 ca
101 0 _arus
102 _aRU
105 _ay z |||||
200 1 _aСтенографический отчет
_fЗаседания Верховного Совета Чечено-Ингуш. АССР четвертая сессия второго созыва 21 июля 1959 г.
210 _aГрозный
_cВерховный Совет ЧИАССР
_c[Чечено-Ингуш. кн. изд-во]
_d1959
215 _a104 с.
_d21
601 2 _aВерховный Совет Чечено-Ингушской АССР
_xЗаконы и постановления
_z1959
_2psbo
606 _aШкола
_yЧечено-Ингушская АССР
_2psbo
606 _aНародное образование
_yЧечено-Ингушская АССР
_2psbo
710 1 2 _aЧечено-Ингушская АССР. Верховный Совет. Созыв (2). Сессия (4)
801 0 _aRU
_bNLR
_gpsbo
801 1 _aRU
_bELAR
_2rusmarc
852 _aNLR
_j59-3/6286
942 _cBOOK
980 _aNB